[Event "Clarin-B"]
[Site "Buenos Aires"]
[Date "1978.??.??"]
[Round "3"]
[White "Donoso Velasco, Pedro H"]
[Black "Anelli, Antonio"]
[Result "1/2-1/2"]
[WhiteElo "2405"]
[BlackElo "2325"]

1.e4 c5 2.Nf3 Nc6 3.d4 cxd4 4.Nxd4 Nf6 5.Nc3 d6 6.Bg5 e6 7.Qd2 a6 8.O-O-O Bd7
9.f4 h6 10.Bh4 Nxe4 11.Qe1 Nf6 12.Nf5 Qa5 13.Nxd6+ Bxd6 14.Rxd6 O-O-O 15.Rd1 Kb8
16.Be2 Ne7 17.Bf3 Nf5 18.Bxf6 gxf6 19.Kb1 Qc7 20.g3 Ne7 21.Qf2 f5 22.Qe2 Bc8
23.Rxd8 Rxd8 24.Rd1 f6 25.Rxd8 Qxd8 26.Qe3 Qd6 27.a3 e5 28.Bh5 Be6 29.Kc1 Nd5
30.Qd2 Kc7 31.Nxd5+ Qxd5 32.Qxd5 Bxd5 33.Kd2 Kd6 34.Ke3 Kc5 35.Be2 a5 36.Bd3 Be6
37.Be2 Bd5 38.Bd3 Be6 39.Be2  1/2-1/2

[Event "Wch U20"]
[Site "Graz"]
[Date "1978.??.??"]
[Round "3"]
[White "Dolmatov, Sergey"]
[Black "Foisor, Ovidiu"]
[Result "1-0"]
[WhiteElo "2495"]
[BlackElo "2310"]

1.e4 c5 2.Nf3 Nc6 3.d4 cxd4 4.Nxd4 Nf6 5.Nc3 d6 6.Bg5 e6 7.Qd2 a6 8.O-O-O h6
9.Be3 Bd7 10.f3 b5 11.g4 Ne5 12.Bd3 b4 13.Nce2 d5 14.Ng3 Qc7 15.Be2 dxe4
16.Bf4 Nd5 17.Bxe5 Qxe5 18.fxe4 Nf6 19.Nf3 Qc7 20.e5 Nd5 21.Ne4 a5 22.Qd4 Qa7
23.Rhe1 Be7 24.Bc4 Qxd4 25.Rxd4 Nb6 26.Nd6+ Bxd6 27.exd6 Rc8 28.Ne5 O-O 29.Nxd7 Nxd7
30.Bb5 Rfd8 31.a4 Nf6 32.Re5 Kf8 33.Kd2 Nd5 34.d7 Rb8 35.Rdxd5 exd5 36.Rxd5 Rb6
37.c4 bxc3+ 38.bxc3 Ke7 39.Ke3 Rd6 40.Rc5 Rd1 41.c4 Kd6 42.Rf5 f6 43.h4 Rg1
44.Rd5+ Kc7 45.Kf4 g5+ 46.hxg5 fxg5+ 47.Kf5 Rf1+ 48.Ke6 Re1+ 49.Kf7 Rf1+
50.Kg6 Rf4 51.Kh5 Rf6 52.Rc5+ Kb8 53.Re5 Kc7 54.Re7 Rd6 55.Rh7 Rg8 56.Rxh6 Rxh6+
57.Kxh6 Kd6 58.Kh7 Rf8 59.Kg6 Rg8+ 60.Kf6 Kc7 61.c5 Kd8 62.c6 Kc7 63.Bc4 Rf8+
64.Kxg5 Kxc6 65.Bb5+ Kd6 66.Kh6 Ke7 67.g5 Rh8+ 68.Kg7 Rh4 69.g6 Rg4 70.Kh7 Rh4+
71.Kg8 Rg4 72.g7 Rh4 73.d8=Q+ Kxd8 74.Kf7 Rf4+ 75.Ke6 Rg4 76.Kf6 Kc7 77.Be2  1-0

[Event "Wch U20"]
[Site "Graz"]
[Date "1978.??.??"]
[Round "7"]
[White "Ravikumar, Vaidyanathan"]
[Black "Foisor, Ovidiu"]
[Result "0-1"]
[WhiteElo "2200"]
[BlackElo "2310"]

1.e4 c5 2.Nf3 Nc6 3.d4 cxd4 4.Nxd4 Nf6 5.Nc3 d6 6.Bg5 e6 7.Qd2 a6 8.O-O-O h6
9.Bf4 Bd7 10.Nb3 Ne5 11.Kb1 b5 12.f3 Nh5 13.Bxe5 dxe5 14.Ne2 Qc7 15.g3 Be7
16.Nec1 Nf6 17.Nd3 O-O 18.g4 Nh7 19.h4 f6 20.Bh3 Rad8 21.Qa5 Rc8 22.Rh2 Rfd8
23.Rhd2 Nf8 24.Qxc7 Rxc7 25.a3 Bc8 26.g5 fxg5 27.h5 g6 28.Bg4 gxh5 29.Bxh5 Nh7
30.Nxe5 Rxd2 31.Rxd2 Nf6 32.Bg4 Nxg4 33.fxg4 Kg7 34.Nd4 Bf6 35.Nef3 Kf7 36.b4 Bb7
37.e5 Bg7 38.Rf2 Ke7 39.Nb3 Rc3 40.Nfd4 Bxe5 41.Re2 Bxd4 42.Nxd4 Bd5 43.Kb2 Rh3
44.c3 Kd6 45.Rf2 Rg3 46.Rf6 Rxg4 47.Rxh6 Rg2+ 48.Kc1 g4 49.Rg6 Ke5  0-1

[Event "Halle 12th (Women)"]
[Site "Halle"]
[Date "1978.??.??"]
[Round "1"]
[White "Hobusch, Cornelia"]
[Black "Espig, Gesine"]
[Result "1/2-1/2"]
[WhiteElo "2000"]
[BlackElo "2020"]

1.e4 c5 2.Nf3 Nc6 3.d4 cxd4 4.Nxd4 Nf6 5.Nc3 d6 6.Bg5 e6 7.Qd2 Be7 8.f4 a6
9.O-O-O O-O 10.Be2 Qc7 11.Bf3 Na5 12.Nb3 Nc4 13.Qd3 Rb8 14.g4 b5 15.Nd2 Bb7
16.Bxf6 Bxf6 17.Nxc4 bxc4 18.Qe3 Qa5 19.g5 Bxc3 20.Qxc3 Qxc3 21.bxc3 f5 22.Rxd6 fxe4
23.Bg4 Rxf4 24.Bxe6+ Kf8 25.Rb6 e3 26.Re1 Re4 27.Bd5 Re7 28.Rxb7 Rexb7 29.Bxb7 Rxb7
30.Rxe3 Rb5 31.h4  1/2-1/2

[Event "Jurmala"]
[Site "Jurmala"]
[Date "1978.??.??"]
[Round "5"]
[White "Gufeld, Eduard"]
[Black "Ermenkov, Evgenij"]
[Result "0-1"]
[WhiteElo "2525"]
[BlackElo "2520"]

1.e4 c5 2.Nf3 Nc6 3.d4 cxd4 4.Nxd4 Nf6 5.Nc3 d6 6.Bg5 e6 7.Qd2 a6 8.O-O-O Bd7
9.f4 b5 10.Nxc6 Bxc6 11.Qe3 Be7 12.Bxf6 Bxf6 13.Nd5 Bxd5 14.exd5 e5 15.Qe4 Qe7
16.f5 Qa7 17.Kb1 Qf2 18.Bd3 O-O 19.c3 Qf4 20.Qxf4 exf4 21.Rhe1 Be5 22.Re4 Rfc8
23.a4 Rc5 24.Be2 g5 25.fxg6 hxg6 26.Kc2 Kg7 27.Rb4 bxa4 28.Rxa4 a5 29.Rda1 f5
30.R1a2 g5 31.h3 Kf6 32.c4 Re8 33.b3 Bd4 34.Kd3 Bf2 35.Rxa5 Be1 36.Rxc5 Re3+
37.Kc2 Rxe2+ 38.Kb1 Rxa2 39.Rc6 Rxg2 40.Rxd6+ Kf7 41.c5 f3 42.Rd7+ Ke8 43.c6 f2
44.d6 f1=Q 45.Re7+ Kf8  0-1

[Event "Jurmala"]
[Site "Jurmala"]
[Date "1978.??.??"]
[Round "6"]
[White "Vitolinsh, Alvis"]
[Black "Schneider, Lars Ake"]
[Result "1-0"]
[WhiteElo "2415"]
[BlackElo "2430"]

1.e4 c5 2.Nf3 Nc6 3.d4 cxd4 4.Nxd4 Nf6 5.Nc3 d6 6.Bg5 e6 7.Qd2 a6 8.O-O-O Bd7
9.f4 b5 10.e5 dxe5 11.fxe5 Nxe5 12.Qe1 Qc7 13.Kb1 b4 14.Ne4 Be7 15.Nxf6+ gxf6
16.Bf4 Bc5 17.Be2 Qb6 18.Nb3 Be3 19.Qg3 Bxf4 20.Qxf4 Qd8 21.Nc5 O-O 22.Nxd7 Nxd7
23.Rd3 Qc8 24.Qh6 Ne5 25.Rh3 Rd8 26.Bd3 Rxd3 27.Qxh7+ Kf8 28.Qh8+ Ke7 29.Qxc8 Rxc8
30.cxd3 Rg8 31.Rg3 Rxg3 32.hxg3 Nxd3 33.Rh8 e5 34.Ra8 e4 35.Kc2 f5 36.Rxa6 b3+
37.Kd2 bxa2 38.Rxa2 Kf6 39.Kc3 Kg5 40.b4 Kg4 41.b5 Kxg3 42.b6 Nc5 43.Ra5 Nd7
44.b7 f4 45.Rd5 Nb8 46.Rd8 f3 47.gxf3 exf3 48.Rxb8 f2 49.Rg8+ Kf3 50.Rf8  1-0

[Event "Jurmala"]
[Site "Jurmala"]
[Date "1978.??.??"]
[Round "10"]
[White "Westerinen, Heikki MJ"]
[Black "Ermenkov, Evgenij"]
[Result "0-1"]
[WhiteElo "2450"]
[BlackElo "2520"]

1.e4 c5 2.Nf3 Nc6 3.d4 cxd4 4.Nxd4 Nf6 5.Nc3 d6 6.Bg5 e6 7.Qd2 a6 8.O-O-O Bd7
9.f4 b5 10.Bxf6 gxf6 11.Nxc6 Bxc6 12.Qe3 Qe7 13.a3 h5 14.Bd3 Qa7 15.Qh3 Bh6
16.Rhf1 Qc5 17.Kb1 a5 18.e5 b4 19.Ne4 Bxe4 20.Bxe4 d5 21.Bg6 f5 22.Bxh5 bxa3
23.Qxa3 Qxa3 24.bxa3 Rb8+ 25.Ka2 Rc8 26.Rd2 Bxf4 27.Rxf4 Rxh5 28.g3 Ke7 29.Kb3 Rc5
30.Rdf2 f6 31.exf6+ Kxf6 32.g4 Rh4 33.gxf5 Rxf4 34.Rxf4 e5 35.Rf1 d4 36.Kb2 e4
37.Rd1 e3 38.Kc1 Rxf5 39.Re1 Rf2 40.c3 Ke5 41.h4 Rh2 42.Kd1 Ke4 43.cxd4 Kd3
44.Kc1 Kxd4 45.Rg1 Rxh4 46.Kc2 Rh2+ 47.Kb3 e2 48.Ka4 Rh5  0-1

[Event "NLD-ch"]
[Site "Leeuwarden"]
[Date "1978.??.??"]
[Round "9"]
[White "Van der Sterren, Paul"]
[Black "Baljon, Christofoor"]
[Result "1/2-1/2"]
[WhiteElo "2400"]
[BlackElo "2220"]

1.e4 c5 2.Nf3 d6 3.d4 cxd4 4.Nxd4 Nf6 5.Nc3 Nc6 6.Bg5 Qb6 7.Nb3 e6 8.Bxf6 gxf6
9.Be2 Be7 10.O-O O-O 11.Kh1 Kh8 12.f4 Rg8 13.Bg4 a6 14.Bh3 Rg7 15.f5 Ne5
16.Rb1 Qe3 17.Qc1 Nc4 18.Qxe3 Nxe3 19.Rf2 Bd7 20.fxe6 fxe6 21.Nd5 exd5 22.Bxd7 dxe4
23.Re2 Ng4 24.h3 Ne5 25.Be6 Bd8 26.Nd4 Bb6 27.Nf5 Rc7 28.Bd5 e3 29.b3 Ng6
30.Rf1 Ne7 31.Nxe7 Rxe7 32.Rxf6 Rd8 33.g4 Kg7 34.Rf5 Rf8 35.Rxf8 Kxf8 36.Kg2 Kg7
37.Kf3 Kf6 38.Kf4 Ba5 39.h4 Bd2 40.g5+ Kg7 41.c4 b5 42.Kf3 Re5 43.Rg2  1/2-1/2

[Event "Linares"]
[Site "Linares"]
[Date "1978.??.??"]
[Round "?"]
[White "Eslon, Jaan"]
[Black "Rodriguez Vargas, Orestes"]
[Result "1-0"]
[WhiteElo "2365"]
[BlackElo "2485"]

1.e4 c5 2.Nf3 Nc6 3.d4 cxd4 4.Nxd4 Nf6 5.Nc3 d6 6.Bg5 e6 7.Qd2 a6 8.O-O-O h6
9.Be3 Bd7 10.f4 b5 11.Bd3 Be7 12.Kb1 O-O 13.h3 Qc7 14.g4 Nxd4 15.Bxd4 b4
16.Ne2 e5 17.fxe5 dxe5 18.Be3 Rfd8 19.Ng3 Bc6 20.Qg2 b3 21.axb3 Rxd3 22.cxd3 a5
23.Nf5 a4 24.Qf2 Bf8 25.b4 Qb7 26.Rc1 Bb5 27.Bc5 Rc8 28.Qe2 Rd8 29.Rhd1 a3
30.bxa3 Qa6 31.Kb2 g6 32.Bxf8 gxf5 33.Be7 Ra8 34.Ra1 fxe4 35.Bxf6 Qxf6 36.g5 hxg5
37.Qg2 Ba4 38.dxe4 Bxd1 39.Rxd1 Qf4 40.Qe2 Kg7 41.Rf1 Qh4 42.Qf3 Qf4 43.Qe2 Qg3
44.Rf3 Qg1 45.Qf2 Qd1 46.Rxf7+ Kg8 47.Rf5  1-0

[Event "CSR-ch"]
[Site "Marianske Lazne"]
[Date "1978.??.??"]
[Round "9"]
[White "Prandstetter, Eduard"]
[Black "Hausner, Ivan"]
[Result "1-0"]
[WhiteElo "2405"]
[BlackElo "2365"]

1.e4 c5 2.Nf3 d6 3.d4 cxd4 4.Nxd4 Nf6 5.Nc3 Nc6 6.Bg5 e6 7.Qd2 a6 8.O-O-O Bd7
9.f4 b5 10.Bxf6 gxf6 11.f5 Nxd4 12.Qxd4 Bh6+ 13.Kb1 Bf4 14.Ne2 Be5 15.Qd3 Qb6
16.g3 Rc8 17.fxe6 fxe6 18.Nf4 Qc5 19.Qd2 Bxf4 20.gxf4 O-O 21.Bh3 Rf7 22.Rhg1+ Kh8
23.Rg3 Qc4 24.Bg2 b4 25.Rd3 e5 26.f5 Rc6 27.b3 Qc5 28.Bf3 Rc7 29.Rxd6 Bb5
30.Rd5 Qe7 31.Rd8+ Rf8 32.Rxf8+ Qxf8 33.Qd8 Qxd8 34.Rxd8+ Kg7 35.a4 bxa3
36.c4 Bc6 37.Ka2 Kf7 38.Kxa3 Ke7 39.Rh8 Kd6 40.Rf8 Ke7 41.Rg8 Kd6 42.b4 Rd7
43.Kb3 Kc7 44.Kc3 Rd4 45.Rh8 Bxe4 46.Bxe4 Rxe4 47.Rxh7+ Kd8 48.h4 Re3+ 49.Kc2 Rf3
50.h5 Rxf5 51.h6 Ke8 52.Ra7 Rh5 53.h7  1-0

[Event "Kringsja"]
[Site "Oslo"]
[Date "1978.??.??"]
[Round "2"]
[White "Ornstein, Axel"]
[Black "Gereben, Erno"]
[Result "1/2-1/2"]
[WhiteElo "2425"]
[BlackElo "2270"]

1.e4 c5 2.Nf3 Nc6 3.d4 cxd4 4.Nxd4 Nf6 5.Nc3 d6 6.Bg5 e6 7.Qd2 a6 8.O-O-O Bd7
9.f4 Be7 10.Nf3 Qc7 11.e5 dxe5 12.fxe5 Nd5 13.Nxd5 exd5 14.Bxe7 Nxe7 15.Bd3 Be6
16.Kb1 h6 17.Rhg1 Nc6 18.Qf4 O-O-O 19.h4 Kb8 20.Rge1 Rhe8 21.g3 Re7 22.c3 Qb6
23.Nd4 Nxd4 24.cxd4 Rc7 25.Rc1 Rdc8 26.Rxc7 Rxc7 27.h5 Qb4 28.Rh1 a5 29.a3 Qb6
30.g4 Rc3 31.Bf5 Ka7 32.Ka1 Rc4 33.Rd1 Qb3 34.Rc1 Qa4 35.Rxc4 Qxc4 36.Kb1 Qe2
37.Qc1 Bxf5+ 38.gxf5 Qxh5 39.Qc2 Qg4 40.Qc5+ Ka6 41.Qd6+ b6 42.Qxd5 Qxf5+
43.Ka1 Qe6 44.Qa8+ Kb5 45.d5 Qd7 46.d6 Qc6 47.Qd8  1/2-1/2

[Event "Kamen Piskov mem 2"]
[Site "Ruse"]
[Date "1978.??.??"]
[Round "4"]
[White "Stanciu, Traian"]
[Black "Mihaljcisin, Mihajlo"]
[Result "1/2-1/2"]
[WhiteElo "2350"]
[BlackElo "2380"]

1.e4 c5 2.Nf3 Nc6 3.d4 cxd4 4.Nxd4 Nf6 5.Nc3 d6 6.Bg5 e6 7.Qd2 a6 8.O-O-O Bd7
9.f4 Be7 10.Nf3 b5 11.Bxf6 gxf6 12.f5 Qb6 13.Ne2  1/2-1/2

[Event "Sao Paulo"]
[Site "Sao Paulo"]
[Date "1978.??.??"]
[Round "1"]
[White "Van Riemsdijk, Herman C"]
[Black "Camara, Helder"]
[Result "0-1"]
[WhiteElo "2375"]
[BlackElo "2325"]

1.e4 c5 2.Nf3 Nc6 3.d4 cxd4 4.Nxd4 Nf6 5.Nc3 d6 6.Bg5 e6 7.Qd2 a6 8.O-O-O Bd7
9.f4 b5 10.Nxc6 Bxc6 11.Bd3 Be7 12.e5 Nd5 13.Nxd5 Bxd5 14.Bxe7 Qxe7 15.exd6 Qxd6
16.Be4 O-O 17.Rhe1 Rad8 18.Bxd5 exd5 19.a3 Rfe8 20.Rxe8+ Rxe8 21.g3 Rd8 22.Qb4 Qc6
23.Qe7 Rc8 24.c3 h6 25.Qe5 Rd8 26.Rd4 Qd7 27.Rd2 Qc6 28.Kc2 a5 29.Rd4 b4
30.axb4 Qa4+ 31.Kb1 axb4 32.Qe2 Rb8 33.Qd3 Re8 34.Qf1 Ra8 35.Qd1 Qa1+ 36.Kc2 b3+
37.Kd2 Qxb2+ 38.Kd3 Ra1  0-1

[Event "Rilton Cup"]
[Site "Stockholm"]
[Date "1978.??.??"]
[Round "7"]
[White "Olsson, Ake"]
[Black "Pirttimaki, Timo"]
[Result "0-1"]
[WhiteElo "2370"]
[BlackElo "2200"]

1.e4 c5 2.Nf3 Nc6 3.d4 cxd4 4.Nxd4 Nf6 5.Nc3 d6 6.Bg5 e6 7.Qd2 a6 8.O-O-O Bd7
9.f4 Be7 10.Be2 b5 11.Bf3 Rc8 12.e5 dxe5 13.Nxc6 Bxc6 14.Qxd8+ Bxd8 15.fxe5 Nd7
16.Bxd8 Bxf3 17.gxf3 Rxd8 18.f4 Nb6 19.Ne4 Nd5 20.Rd4 Ke7 21.Nd6 g6 22.a4 Rb8
23.axb5 axb5 24.Kd2 b4 25.h4 h5 26.Rg1 Ra8 27.f5 gxf5 28.Rg7 Raf8 29.Nxf5+ exf5
30.Rxd5 Rfg8 31.Rxg8 Rxg8 32.Rb5 Rg4 33.Rb6 Rxh4 34.Rf6 Rd4+ 35.Ke3 Re4+
36.Kf3 Rxe5 37.Rh6 Rc5 38.c3 bxc3 39.bxc3 Rxc3+ 40.Kg2 Rc2+ 41.Kg1 Ra2 42.Rxh5 Kf6
43.Rh8 Kg5 44.Rg8+ Kf4 45.Rb8 f6 46.Rb3 Kg4 47.Rc3 f4 48.Kf1 f5 49.Rb3 Rh2
50.Ra3 Rh3 51.Rxh3 Kxh3 52.Kf2 Kg4 53.Kg2 f3+ 54.Kf2 Kf4 55.Kf1 Ke3 56.Ke1 f2+
57.Kf1 f4  0-1

[Event "SWE-ch"]
[Site "SWE"]
[Date "1978.??.??"]
[Round "?"]
[White "Fridh, Anton"]
[Black "Helmertz, Per Inge"]
[Result "0-1"]
[WhiteElo "2285"]
[BlackElo "2305"]

1.e4 c5 2.Nf3 Nc6 3.d4 cxd4 4.Nxd4 Nf6 5.Nc3 d6 6.Bg5 e6 7.Bc4 a6 8.O-O Be7
9.Re1 Qc7 10.Bb3 O-O 11.a4 Bd7 12.Nxc6 Bxc6 13.Qd3 Rad8 14.Rad1 Rfe8 15.Bf4 Qa5
16.h3 d5 17.Qg3 Rd7 18.exd5 Nxd5 19.Be5 Nf6 20.Rxd7 Bxd7 21.Re2 Bc6 22.Bc7 Qb4
23.Be5 Rd8 24.Qe3 h6 25.Rd2 Rxd2 26.Qxd2 Qc5 27.Bd4 Qf5 28.Bc4 Ne4 29.Qd3 Nxc3
30.Qxc3 Bd6 31.b3 Qe4 32.f3 Qf4 33.Qe3 Qh2+ 34.Kf1 Bg3 35.Qg1 Qxg1+ 36.Kxg1 Kf8
37.Kf1 g6 38.Ke2 Bd6 39.Bf6 h5 40.Kd3 b5 41.axb5 axb5 42.Bxb5 Bxb5+ 43.c4 Bc6
44.Bd4 e5 45.Be3 f5 46.Kc3 f4 47.Bf2 e4 48.fxe4 Bxe4 49.h4 Be5+ 50.Kb4 Ke7
51.Kb5 Kd7 52.c5 Bxg2 53.b4 Bf1+ 54.Kb6 Bc7+ 55.Kb7 Bb5 56.Be1 Ba4 57.Bf2 Bd8
58.Ka6 Kc6  0-1

[Event "SWE-ch"]
[Site "SWE"]
[Date "1978.??.??"]
[Round "?"]
[White "Helmertz, Per Inge"]
[Black "Bengtsson, Bo"]
[Result "1-0"]
[WhiteElo "2305"]
[BlackElo "2350"]

1.e4 c5 2.Nf3 d6 3.d4 cxd4 4.Nxd4 Nf6 5.Nc3 Nc6 6.Bg5 Bd7 7.Qd2 Rc8 8.O-O-O Nxd4
9.Qxd4 Qa5 10.f4 e6 11.Bxf6 gxf6 12.Qxf6 Rg8 13.Qd4 d5 14.f5 Rxc3 15.Qxc3 Qxa2
16.Kd2 Qa4 17.Qe3 Rg4 18.fxe6 fxe6 19.exd5 Be7 20.Qf3 e5 21.Be2 e4 22.Qh3 e3+
23.Qxe3 Re4 24.Qg3 Rxe2+ 25.Kxe2 Qxc2+ 26.Ke3 Bc5+ 27.Rd4 Bf5 28.Qe5+ Kd8
29.Kf3 Qxb2 30.Qf6+ Be7 31.Qxf5 Qxd4 32.Re1 Qc3+ 33.Re3 Qc5 34.Qe5 Bd6 35.Qf6+ Kd7
36.Qg7+ Kd8 37.Qg8+ Kd7 38.Qxh7+ Kd8 39.Qg8+ Kd7 40.Qf7+ Kd8 41.Re8+  1-0

[Event "URS-ch46"]
[Site "Tbilisi"]
[Date "1978.??.??"]
[Round "?"]
[White "Sveshnikov, Evgeny"]
[Black "Kuzmin, Gennadi P"]
[Result "1/2-1/2"]
[WhiteElo "2565"]
[BlackElo "2560"]

1.e4 c5 2.Nf3 Nc6 3.d4 cxd4 4.Nxd4 Nf6 5.Nc3 d6 6.Bg5 h6 7.Bxf6 gxf6 8.Qd2 h5
9.f4 Nxd4 10.Qxd4 Bd7 11.O-O-O Qa5 12.Bc4 Rc8 13.Bb3 Qc5 14.Qd3 e6 15.Rhe1 b5
16.e5 f5 17.exd6 Bg7 18.Nd5 Kf8 19.Ne7 Re8 20.Qg3 Bf6 21.Ng6+ fxg6 22.Qxg6 Bg7
23.Bxe6 Rxe6 24.Rxe6 Rh6 25.Rf6+ Bxf6 26.Qxh6+ Bg7 27.Qxh5 Qe3+ 28.Kb1 Qe8
29.Qh4 a5 30.Re1 Be6 31.Qf2 Bf6 32.Qe2 Bf7 33.Qxe8+ Bxe8 34.c3 Bc6 35.a4 bxa4
36.Ka2 Bd5+ 37.Ka3 Bb3 38.g3 Kf7 39.Re2 Kf8 40.Re3 Kf7  1/2-1/2

[Event "Zamardi"]
[Site "Zamardi"]
[Date "1978.??.??"]
[Round "?"]
[White "Szabo, Iuliu"]
[Black "Bielczyk, Jacek"]
[Result "1/2-1/2"]
[WhiteElo "2355"]
[BlackElo "2380"]

1.e4 c5 2.Nf3 Nc6 3.d4 cxd4 4.Nxd4 Nf6 5.Nc3 d6 6.Bg5 Qb6 7.Nb3 e6 8.Be2 a6
9.O-O Be7 10.Be3 Qc7 11.a4 b6 12.f4 O-O 13.Bf3 Rb8 14.Qe1 Na5 15.Nd2 Bd7
16.Qg3 b5 17.axb5 axb5 18.e5 Ne8 19.Nce4 d5 20.Nf2 f5 21.Rfc1 Nc4 22.Nxc4 bxc4
23.Nd1 Qc6 24.Qf2 Nc7 25.b3 Ra8 26.Rxa8 Rxa8 27.bxc4 Qxc4 28.Nb2 Qc3 29.Bd4 Qa3
30.Nd3 Bb5 31.Qe3 Bxd3  1/2-1/2

[Event "IBM-B"]
[Site "Amsterdam"]
[Date "1979.??.??"]
[Round "1"]
[White "Van der Wiel, John TH"]
[Black "Baljon, Christofoor"]
[Result "1-0"]
[WhiteElo "2375"]
[BlackElo "2255"]

1.e4 c5 2.Nf3 d6 3.d4 cxd4 4.Nxd4 Nf6 5.Nc3 Nc6 6.Bg5 e6 7.Qd2 Nxd4 8.Qxd4 Bd7
9.O-O-O Qa5 10.f4 Be7 11.Kb1 Bc6 12.b4 Qc7 13.Nb5 Qd7 14.e5 Nd5 15.Bxe7 dxe5
16.fxe5 Bxb5 17.Bxb5 Qxb5 18.c4 Qa4 19.cxd5 Kxe7 20.dxe6 Rhd8 21.Qh4+ Kxe6
22.Rxd8 Rxd8 23.Qxd8 Qxb4+ 24.Kc2 Qe4+ 25.Kc3 Qc6+ 26.Kd4  1-0

[Event "IBM-B"]
[Site "Amsterdam"]
[Date "1979.??.??"]
[Round "5"]
[White "Van der Wiel, John TH"]
[Black "Spassov, Liuben"]
[Result "1-0"]
[WhiteElo "2375"]
[BlackElo "2470"]

1.e4 c5 2.Nf3 Nc6 3.d4 cxd4 4.Nxd4 Nf6 5.Nc3 d6 6.Bg5 e6 7.Qd2 a6 8.O-O-O Bd7
9.f4 Be7 10.Nf3 b5 11.Bxf6 Bxf6 12.Qxd6 Ra7 13.Kb1 b4 14.Ne2 Be7 15.Qd2 O-O
16.Nc1 Qb6 17.e5 a5 18.Bd3 a4 19.b3 Bc5 20.Bxh7+ Kxh7 21.Ng5+ Kg8 22.Qd3 Rfa8
23.Qh7+ Kf8 24.Qh8+ Ke7 25.Qxg7 Rf8 26.Nh7 Ke8 27.Rd6  1-0

[Event "IBM-B"]
[Site "Amsterdam"]
[Date "1979.??.??"]
[Round "11"]
[White "Dolmatov, Sergey"]
[Black "Spassov, Liuben"]
[Result "1-0"]
[WhiteElo "2495"]
[BlackElo "2470"]

1.e4 c5 2.Nf3 d6 3.d4 cxd4 4.Nxd4 Nf6 5.Nc3 Nc6 6.Bg5 e6 7.Qd2 Be7 8.O-O-O O-O
9.f4 h6 10.Bh4 Bd7 11.Nf3 Qa5 12.Kb1 Rfd8 13.Rg1 Be8 14.Bd3 b5 15.Nxb5 Qb6
16.Bf2 Qb7 17.Rge1 d5 18.exd5 Nxd5 19.c4 Bb4 20.Qc1 Bxe1 21.Bxe1 Nce7 22.Nbd4 Nb4
23.Bf1 Qe4+ 24.Ka1 Nec6 25.Bxb4 Nxb4 26.Re1 Qb7 27.Qc3 Nc6 28.Bd3 Qb4 29.Qxb4 Nxb4
30.Be4 Rac8 31.b3 Nc6 32.Nxc6 Bxc6 33.Kb2 Bxe4 34.Rxe4 Rd1 35.Re2 Kf8 36.Rc2 f6
37.h4 Ke7 38.Kc3 g6 39.Kb4 Kd6 40.Re2 Rd3 41.Nd2 Rd4 42.Ne4+ Ke7 43.Kb5 f5
44.Nc3 Kf6 45.Ka6 Rxf4 46.Kxa7 Rxh4 47.Kb7 Rd8 48.a4 Rhd4 49.a5 R4d7+ 50.Kc6 Rd6+
51.Kc5 Rd3 52.Rc2 Rd2 53.Rxd2 Rxd2 54.a6 Rd8 55.a7 g5 56.b4 f4 57.b5  1-0

[Event "URS-ch otbor"]
[Site "Beltsy"]
[Date "1979.??.??"]
[Round "?"]
[White "Kaiumov, Dmitry D"]
[Black "Veingold, Aleksandr"]
[Result "0-1"]
[WhiteElo "2200"]
[BlackElo "2370"]

1.e4 c5 2.Nf3 d6 3.d4 cxd4 4.Nxd4 Nf6 5.Nc3 Nc6 6.Bg5 e6 7.Qd2 a6 8.O-O-O h6
9.Be3 Bd7 10.f4 b5 11.Bd3 Qb8 12.Rde1 Be7 13.h3 b4 14.Nd1 Nxd4 15.Bxd4 e5
16.Be3 Bc6 17.Nf2 Qb7 18.Kb1 a5 19.fxe5 dxe5 20.Qe2 a4 21.Bc1 Nd7 22.Rhf1 b3
23.cxb3 axb3 24.a3 Ra4 25.Nd1 Bb4 26.Bd2 Bxd2 27.Qxd2 Nc5 28.Nf2 O-O 29.Qc3 Nxd3
30.Qxd3 Bb5 31.Qxb3 Rb8 32.Nd1 Rd4 33.Rf3 Rbd8 34.Ka1 Bc4 35.Qc2 Bd3 36.Qc1 Bxe4
37.Rg3 Rd2 38.Rc3 Bxg2 39.Ne3 Bf3 40.Rc7 Qb3 41.Rc8 g6 42.Rxd8+ Rxd8 43.Qc7 Re8
44.Nc2 Qd3 45.Nb4 Qd4 46.Na2 e4 47.Qc6 Re6 48.Qc3 Qxc3 49.Nxc3 f5 50.h4 e3
51.b4 e2 52.Kb2 f4  0-1

[Event "URS-ch otbor"]
[Site "Beltsy"]
[Date "1979.??.??"]
[Round "?"]
[White "Ivanov, Alexander"]
[Black "Anikaev, Yuri N"]
[Result "1-0"]
[WhiteElo "2395"]
[BlackElo "2455"]

1.e4 c5 2.Nf3 d6 3.d4 cxd4 4.Nxd4 Nf6 5.Nc3 Nc6 6.Bg5 e6 7.Qd2 a6 8.O-O-O Bd7
9.f4 b5 10.Bxf6 gxf6 11.Nxc6 Bxc6 12.Qe1 Be7 13.Bd3 Qb6 14.Kb1 h5 15.f5 b4
16.Ne2 e5 17.Qg3 Bf8 18.Qf3 Qc5 19.Nc1 a5 20.Nb3 Qb6 21.Bc4 a4 22.Nc1 Ra5
23.Rhe1 Rc5 24.b3 Ke7 25.Re2 Qb7 26.Qd3 Qb8 27.bxa4 Bxa4 28.Nb3 Rc8 29.Qd5 Be8
30.Ba6 Bc6 31.Qd3 Rd8 32.Na5 Ba8 33.Qb5 Qxb5 34.Bxb5 Bh6 35.Bc6 Rb8 36.Bxa8 Rxa8
37.Nc6+ Kd7 38.Nxb4 Rhb8 39.c3 Ra3 40.Kb2 Ra5 41.Rd3 h4 42.Kb3 Rba8 43.Re1 Rg8
44.Red1 Bf8 45.R1d2 Be7 46.a4 Rg4 47.Re2 Rf4 48.Rf3 Rg4 49.g3 Ra8 50.gxh4 Rxh4
51.Rg3 Rh7 52.Reg2 Rh4 53.Rg4 Rh3 54.Rg7 Rc8 55.Nd5 Rb8+ 56.Ka3 Rf8 57.a5 Bd8
58.a6 Kc6 59.Rg8 Rh8 60.Rxf8 Rxf8 61.Rb2 Ba5 62.Ka4  1-0

[Event "URS-ch otbor"]
[Site "Beltsy"]
[Date "1979.??.??"]
[Round "?"]
[White "Kuporosov, Viktor"]
[Black "Veingold, Aleksandr"]
[Result "1/2-1/2"]
[WhiteElo "2200"]
[BlackElo "2370"]

1.e4 c5 2.Nf3 d6 3.d4 cxd4 4.Nxd4 Nf6 5.Nc3 Nc6 6.Bg5 e6 7.Qd2 a6 8.O-O-O Bd7
9.f4 h6 10.Bh4 Nxe4 11.Qe1 Nf6 12.Nf5 Qa5 13.Nxd6+ Bxd6 14.Rxd6 O-O-O 15.Qf2 Ne7
16.Bxf6 gxf6 17.Be2 Bc6 18.Rdd1 Nd5 19.Nxd5 Rxd5 20.Bc4 Qc5 21.Qe2 Rd4 22.Rxd4 Qxd4
23.Rf1 f5 24.g3 h5 25.Rd1 Qe4 26.Qxe4 Bxe4 27.Re1 Rg8 28.Re3 h4 29.Be2 hxg3
30.hxg3 Rh8 31.Kd2 Rh2 32.c4 Kc7 33.Kc3 a5 34.b3 Rh1 35.a3 Ra1 36.Kb2 Re1
37.b4 axb4 38.axb4 b6 39.Kc3 f6 40.Kd2  1/2-1/2

[Event "URS-FL"]
[Site "Frunze"]
[Date "1979.??.??"]
[Round "15"]
[White "Psakhis, Lev"]
[Black "Mikhalchishin, Adrian"]
[Result "1-0"]
[WhiteElo "2480"]
[BlackElo "2480"]

1.e4 c5 2.Nf3 d6 3.d4 cxd4 4.Nxd4 Nf6 5.Nc3 Nc6 6.Bg5 e6 7.Qd2 Be7 8.O-O-O O-O
9.Nb3 a6 10.Bxf6 gxf6 11.f4 b5 12.Kb1 b4 13.Ne2 a5 14.f5 exf5 15.exf5 d5
16.Nbd4 Ne5 17.Ng3 Kh8 18.Be2 a4 19.Rhf1 Ba6 20.Rf4 Rg8 21.Rh4 Bf8 22.b3 Bxe2
23.Ndxe2 Rg4 24.Rxg4 Nxg4 25.Qd4 Ne5 26.Qxd5 Qc8 27.Nc1 axb3 28.cxb3 Bh6
29.Qd6 Bg5 30.Nd3 Ng4 31.Re1 Qb7 32.Ne4 Qa7 33.Nxb4 Re8 34.Nc6 Qa6 35.Kb2 Kg7
36.Qd7 Rxe4 37.Rxe4 Qf1 38.Ka3 Qb5 39.Rxg4 Qc5+ 40.Ka4  1-0

[Event "Gladsaxe"]
[Site "Gladsaxe"]
[Date "1979.??.??"]
[Round "2"]
[White "Arnason, Jon L"]
[Black "Schneider, Lars Ake"]
[Result "1/2-1/2"]
[WhiteElo "2410"]
[BlackElo "2420"]

1.e4 c5 2.Nf3 Nc6 3.d4 cxd4 4.Nxd4 Nf6 5.Nc3 d6 6.Bg5 e6 7.Qd3 a6 8.Rd1 Bd7
9.Be2 Be7 10.O-O O-O 11.Qg3 Qc7 12.Nb3 Kh8 13.Kh1 b5 14.f4 b4 15.e5 dxe5
16.fxe5 bxc3 17.exf6 Qxg3 18.hxg3 gxf6 19.Rxd7 fxg5 20.Bf3 Rac8 21.Bxc6 Rxc6
22.Rxe7 cxb2 23.Rb1 Rxc2 24.Kh2 Kg8 25.Rd7 Rfc8 26.Rd2 Rxd2 27.Nxd2 Rc2 28.Nf3 a5
29.Nxg5 a4 30.a3 e5 31.Ne4 Kf8 32.Nf6 Kg7 33.Nd5 e4 34.g4 Kg6 35.Kg3 Kg5
36.Ne3 Rd2 37.Nc4 Rd3+ 38.Kf2 Rc3 39.Ne3 Rb3 40.g3 f6 41.Ke2 h5  1/2-1/2

[Event "Hamburg m"]
[Site "Hamburg"]
[Date "1979.??.??"]
[Round "3"]
[White "Huebner, Robert"]
[Black "Hort, Vlastimil"]
[Result "0-1"]
[WhiteElo "2595"]
[BlackElo "2600"]

1.e4 c5 2.Nf3 d6 3.d4 cxd4 4.Nxd4 Nf6 5.Nc3 Nc6 6.Bg5 e6 7.Qd2 a6 8.O-O-O h6
9.Bf4 Bd7 10.Nxc6 Bxc6 11.f3 d5 12.exd5 Nxd5 13.Be5 f6 14.Bd4 Bb4 15.Bc4 O-O
16.Qe2 Re8 17.Ne4 Qc7 18.Qf2 b5 19.Bb3 a5 20.Bc5 f5 21.Ng3 f4 22.Ne2 Bb7
23.Bxb4 axb4 24.g3 Ne3 25.Nxf4 Nxd1 26.Rxd1 Qc6 27.Rd3 Kh7 28.Qe1 e5 29.Nd5 Qc5
30.Nxb4 e4 31.Re3 Rad8 32.fxe4 Rd4 33.Nd3 Qg5 34.h4 Qg4 35.e5 Re4 36.c3 Rxe3
37.Qxe3 Qe4 38.Qxe4+ Bxe4 39.Nc5 Bc6 40.e6 Kg6 41.Kd2 Kf6 42.c4 b4 43.Na6 Rxe6
44.Nxb4 Bf3 45.c5 Re2+ 46.Kc3 Rg2 47.Kd4 Ke7 48.Bd5 Rxg3 49.Nc6+ Ke8 50.b4 g5
51.Bxf3 Rxf3 52.hxg5 hxg5 53.b5 g4 54.b6 Rf7 55.Ne5 g3 56.Nxf7 g2 57.Nd6+ Kd8
58.a4  0-1

[Event "Kecskemet"]
[Site "Kecskemet"]
[Date "1979.??.??"]
[Round "11"]
[White "Rajna, George"]
[Black "Cabrilo, Goran"]
[Result "1-0"]
[WhiteElo "2370"]
[BlackElo "2320"]

1.e4 c5 2.Nf3 d6 3.d4 cxd4 4.Nxd4 Nf6 5.Nc3 Nc6 6.Bg5 e6 7.Qd3 a6 8.f4 h6
9.Bh4 g5 10.Nxc6 bxc6 11.fxg5 Ng4 12.Bg3 hxg5 13.O-O-O e5 14.Na4 Be6 15.Qc3 Qc7
16.Bd3 Nf6 17.Nc5 Bc8 18.Rhf1 Nh5 19.Bc4 Nf4 20.Nb3 a5 21.Kb1 Ne6 22.Nc5 Nxc5
23.Bxf7+ Qxf7 24.Rxf7 Kxf7 25.Rf1+ Kg7 26.Bxe5+ dxe5 27.Qxe5+  1-0

[Event "Lone Pine op"]
[Site "Lone Pine"]
[Date "1979.??.??"]
[Round "3"]
[White "Paolozzi, Marcos"]
[Black "Strauss, David J"]
[Result "1-0"]
[WhiteElo "2310"]
[BlackElo "2345"]

1.e4 c5 2.Nf3 Nc6 3.d4 cxd4 4.Nxd4 Nf6 5.Nc3 d6 6.Bg5 Bd7 7.Qd2 Rc8 8.f4 h6
9.Bh4 g5 10.fxg5 hxg5 11.Bxg5 Bg7 12.Nf3 Qa5 13.Be2 Ng4 14.Nd5 Qxd2+ 15.Bxd2 Nce5
16.Bc3 e6 17.Nxe5 Nxe5 18.Nf4 Rh7 19.Nh5 Bh8 20.O-O-O Bc6 21.Rxd6 Bxe4 22.Rhd1 Ke7
23.g4 Rxc3 24.bxc3 Bd5 25.R1xd5 exd5 26.Rxd5 Rh6 27.Rc5 Rc6 28.Rxc6 bxc6
29.Kd2 Kd6 30.Ke3 a5 31.g5 Nd7 32.Ng3 Ke5 33.Bf3 c5 34.Ne4 Bg7 35.h4 f5 36.gxf6 Nxf6
37.Nxc5 Bf8 38.Nd3+ Kf5 39.c4 Bg7 40.c5 Bf8 41.Kd4 Bg7 42.Kc4 Nd7 43.Kd5 Ne5
44.Be4+  1-0